000 00446nam a2200181Ia 4500
003 GCL
008 140319s9999 xx 000 0 eng d
040 _aGCL /
_cGCL
082 0 4 _aCH
_b843
_bG P
100 1 _aGREE, ALAIN
245 1 0 _aPETIT TOM ET LA MAISON DANS LA FORET /
_cGREE, ALAIN
700 1 _aGREE, GERARD
300 _a18 P
650 0 4 _aCHILDREN
650 0 4 _aFRENCH LITERATURE
650 0 4 _aCHILDREN - FICTION
942 _2ddc
_cBK
999 _c15035
_d15035